[Event "Budapest-chT1 Lilienthal 1213"]
[Site "Budapest"]
[Date "2013.02.24"]
[Round "8"]
[White "Kiss, Jozsef1"]
[Black "Csikvari, Peter"]
[Result "0-1"]
[WhiteElo "1945"]
[BlackElo "1852"]
[PlyCount "88"]
[EventDate "2012.09.30"]
[EventType "team-tourn"]
[EventRounds "11"]
[EventCountry "HUN"]
[SourceTitle "EXT 2019"]
[Source "ChessBase"]
[SourceDate "2018.10.10"]
[SourceVersion "1"]
[SourceVersionDate "2018.10.10"]
[SourceQuality "1"]
[WhiteTeam "Penzugyor III"]
[BlackTeam "Budapest Ujpest KSE"]
[WhiteTeamCountry "HUN"]
[BlackTeamCountry "HUN"]

1. e4 e5 2. Nf3 Nc6 3. d4 exd4 4. c3 d3 5. Bxd3 d6 6. b4 a6 7. Na3 Bg4 8. h3 Bh5 9. Bf4 Qf6 10. Qc1 Bxf3 11. gxf3 Ne5 12. Be2 h6 13. Qe3 Ne7 14. b5 a5 15. Bg3 g5 16. h4 Bg7 17. hxg5 hxg5 18. Rxh8+ Bxh8 19. 0-0-0 b6 20. Nc2 N7g6 21. Nd4 Nf4 22. Bxf4 gxf4 23. Qd2 0-0-0 24. Rg1 Qh4 25. Qd1 Qe7 26. Nf5 Qe6 27. Qd2 d5 28. Nd4 Qd6 29. exd5 Qxd5 30. Rg5 Qd6 31. Qb2 Qh6 32. Rg1 Qh2 33. Rf1 Qh7 34. Rd1 Qh4 35. Bf1 Qe7 36. Qb3 Qc5 37. Kb2 Nxf3 38. Nxf3 Rxd1 39. Bh3+ Kb8 40. Kc2 Rd8 41. c4 Qxf2+ 42. Kc1 Qe3+ 43. Kc2 Qe2+ 44. Kc1 Bb2+ 0-1

[Event "Budapest-chT1 Lilienthal 1112"]
[Site "Budapest"]
[Date "2012.04.29"]
[Round "11"]
[White "Csikvari, Peter"]
[Black "Molnar, Tibor1"]
[Result "1-0"]
[WhiteElo "1755"]
[BlackElo "1953"]
[PlyCount "131"]
[EventDate "2011.10.02"]
[EventType "team-tourn"]
[EventRounds "11"]
[EventCountry "HUN"]
[SourceTitle "EXT 2020"]
[Source "ChessBase"]
[SourceDate "2019.10.17"]
[SourceVersion "1"]
[SourceVersionDate "2019.10.17"]
[SourceQuality "1"]
[WhiteTeam "Budapest Ujpest KSE"]
[BlackTeam "Budapest EAC III"]
[WhiteTeamCountry "HUN"]
[BlackTeamCountry "HUN"]

1. e4 e6 2. d4 b6 3. Nc3 Bb7 4. Bd3 Bb4 5. Nge2 Qh4 6. a3 Bxc3+ 7. Nxc3 Nf6 8. Qe2 0-0 9. 0-0 Nc6 10. Be3 e5 11. d5 Ng4 12. h3 Nxe3 13. dxc6 Nxf1 14. cxb7 Rab8 15. Rxf1 c6 16. Qe3 Rxb7 17. f4 d6 18. f5 f6 19. b4 b5 20. Nd1 Qh5 21. c4 a6 22. Nc3 Qf7 23. cxb5 axb5 24. Rb1 Ra8 25. Qc1 Qc7 26. Qb2 Rba7 27. Ra1 Qb6+ 28. Kh2 Qd4 29. Bc2 Qe3 30. a4 bxa4 31. Rxa4 h5 32. Rxa7 Rxa7 33. b5 cxb5 34. Nxb5 Rb7 35. Qa2+ Kh7 36. Qd5 Qf4+ 37. Kg1 Qe3+ 38. Kh2 Qf4+ 39. Kg1 Qc1+ 40. Kh2 Rd7 41. Bd1 h4 42. Qd3 Qf4+ 43. Kg1 d5 44. exd5 e4 45. Qd4 Qxf5 46. Bc2 g6 47. Bxe4 Qg5 48. Nc3 f5 49. Bf3 Rc7 50. Nd1 Qg3 51. Qf2 Qf4 52. Be2 Qe4 53. Bf3 Qf4 54. Qe2 Rc1 55. Qd3 Qg3 56. Qd2 Rc2 57. Qe3 Rc7 58. Be2 Qe1+ 59. Kh2 Rc2 60. Bf3 Qg3+ 61. Kg1 Rc7 62. Kf1 Qd6 63. Qe6 Qf4 64. d6 Rc1 65. Qd5 Rc2 66. d7 1-0

[Event "Budapest-chT1 Lilienthal 1112"]
[Site "Budapest"]
[Date "2012.02.26"]
[Round "8"]
[White "Lehocz, Jozsef"]
[Black "Csikvari, Peter"]
[Result "0-1"]
[WhiteElo "2127"]
[BlackElo "1755"]
[PlyCount "58"]
[EventDate "2011.10.02"]
[EventType "team-tourn"]
[EventRounds "11"]
[EventCountry "HUN"]
[SourceTitle "EXT 2020"]
[Source "ChessBase"]
[SourceDate "2019.10.17"]
[SourceVersion "1"]
[SourceVersionDate "2019.10.17"]
[SourceQuality "1"]
[WhiteTeam "REAC SISE"]
[BlackTeam "Budapest Ujpest KSE"]
[WhiteTeamCountry "HUN"]
[BlackTeamCountry "HUN"]

1. e4 e5 2. Nf3 Nc6 3. Bc4 Nf6 4. Nc3 Be7 5. d4 d6 6. d5 Nb8 7. Be3 Bg4 8. Qd2 Nbd7 9. 0-0-0 a6 10. h3 Bh5 11. g4 Bg6 12. Bd3 h6 13. g5 hxg5 14. Nxg5 Nb6 15. Rdg1 Qd7 16. Ne6 fxe6 17. Rxg6 exd5 18. Bxb6 cxb6 19. Rxg7 d4 20. Ne2 0-0-0 21. f4 Rdg8 22. Rxg8+ Rxg8 23. f5 Nxe4 24. Qb4 Nc5 25. Qxb6 Nxd3+ 26. cxd3 Qxf5 27. Qb3 Rg2 28. Kd1 Qf3 29. Qe6+ Kb8 0-1

[Event "Budapest-chT1 Lilienthal 1112"]
[Site "Budapest"]
[Date "2011.12.04"]
[Round "4"]
[White "Janvari, Andras"]
[Black "Csikvari, Peter"]
[Result "1-0"]
[WhiteElo "2026"]
[BlackElo "1755"]
[PlyCount "65"]
[EventDate "2011.10.02"]
[EventType "team-tourn"]
[EventRounds "11"]
[EventCountry "HUN"]
[SourceTitle "EXT 2020"]
[Source "ChessBase"]
[SourceDate "2019.10.17"]
[SourceVersion "1"]
[SourceVersionDate "2019.10.17"]
[SourceQuality "1"]
[WhiteTeam "Barcza GSC"]
[BlackTeam "Budapest Ujpest KSE"]
[WhiteTeamCountry "HUN"]
[BlackTeamCountry "HUN"]

1. Nf3 Nf6 2. c4 g6 3. Nc3 Bg7 4. g3 0-0 5. Bg2 d6 6. 0-0 Nc6 7. d4 Bf5 8. Re1 Ne4 9. Nd5 Nf6 10. Nxf6+ exf6 11. Qb3 Rb8 12. Be3 b6 13. Qc3 h6 14. c5 bxc5 15. dxc5 d5 16. Rad1 Be6 17. Nd4 Nxd4 18. Bxd4 c6 19. e4 Kh7 20. exd5 Bxd5 21. Bxd5 Qxd5 22. Be5 Qxa2 23. Ra1 Qxa1 24. Rxa1 fxe5 25. Rxa7 e4 26. Qc4 f5 27. b4 Kh8 28. Qe6 Rf6 29. Qd7 Rg8 30. Rc7 f4 31. Rxc6 fxg3 32. hxg3 Rgf8 33. Rc7 1-0

[Event "Budapest-chT1 Lilienthal 1112"]
[Site "Budapest"]
[Date "2011.11.20"]
[Round "3"]
[White "Csikvari, Peter"]
[Black "Csetneki, Mark"]
[Result "1/2-1/2"]
[WhiteElo "1755"]
[BlackElo "1629"]
[PlyCount "76"]
[EventDate "2011.10.02"]
[EventType "team-tourn"]
[EventRounds "11"]
[EventCountry "HUN"]
[SourceTitle "EXT 2020"]
[Source "ChessBase"]
[SourceDate "2019.10.17"]
[SourceVersion "1"]
[SourceVersionDate "2019.10.17"]
[SourceQuality "1"]
[WhiteTeam "Budapest Ujpest KSE"]
[BlackTeam "Budapest Honved III"]
[WhiteTeamCountry "HUN"]
[BlackTeamCountry "HUN"]

1. e4 e5 2. Nf3 Nc6 3. Bc4 Bc5 4. Nc3 d6 5. a3 a6 6. d3 Bg4 7. h3 Bh5 8. g4 Bg6 9. Bg5 Qd7 10. Qd2 Nge7 11. Rg1 h5 12. b4 Nd4 13. Nxd4 Bxd4 14. Be3 hxg4 15. hxg4 Bxc3 16. Qxc3 0-0-0 17. b5 axb5 18. Qa5 Nc6 19. Qa8+ Nb8 20. Ba7 Qc6 21. Bd5 Qc3+ 22. Ke2 Qxc2+ 23. Ke3 Rh2 24. Qxb7+ Kd7 25. Qxb5+ c6 26. Qb7+ Ke8 27. Ra2 Rh3+ 28. f3 Qc3 29. Bb3 c5 30. Qd5 Qd4+ 31. Qxd4 exd4+ 32. Kf4 Nd7 33. Ba4 Ra8 34. Bxd7+ Kxd7 35. Bb6 Rhh8 36. a4 Rhb8 37. Rb1 Ra6 38. a5 f6 1/2-1/2